Teoría de la concurrencia y de los bienes inmateriales / (Record no. 26900)

MARC details
000 -LEADER
campo de control de longitud fija 00765nam a2200217 i 4500
001 - NÚMERO DE CONTROL
campo de control 26900
003 - IDENTIFICADOR DE NÚMERO DE CONTROL
campo de control ES-MaACL
005 - FECHA Y HORA DE LA ÚLTIMA TRANSACCIÓN
campo de control 20230906153524.0
007 - CAMPO FIJO DE DESCRIPCIÓN FÍSICA--INFORMACIÓN GENERAL
campo de control de longitud fija t|
008 - DATOS DE LONGITUD FIJA--INFORMACIÓN GENERAL
campo de control de longitud fija 030113s1970 sp ||||1| spa d
100 1# - ENTRADA PRINCIPAL--NOMBRE DE PERSONA
Nombre de persona Ascarelli, Tullio.
9 (RLIN) 23535
245 10 - MENCIÓN DEL TÍTULO
Título Teoría de la concurrencia y de los bienes inmateriales /
Mención de responsabilidad, etc. Tullio Ascarelli ; traducción de E. Verdera y L. Suárez Llanos.
260 ## - PUBLICACIÓN, DISTRIBUCIÓN, ETC.
Lugar de publicación, distribución, etc. Barcelona :
Nombre del editor, distribuidor, etc. Bosch,
Fecha de publicación, distribución, etc. [1970]
300 ## - DESCRIPCIÓN FÍSICA
Extensión 816 p. ;
Dimensiones 25 cm.
490 1# - MENCIÓN DE SERIE
Mención de serie Publicaciones del Real Colegio de España en Bolonia
700 1# - ENTRADA AGREGADA--NOMBRE PERSONAL
Nombre de persona Verdera, E.
9 (RLIN) 114021
700 1# - ENTRADA AGREGADA--NOMBRE PERSONAL
Nombre de persona Suárez-Llanos Gómez, Luis.
9 (RLIN) 108638
830 0# - PUNTO DE ACCESO ADICIONAL DE SERIE-TÍTULO UNIFORME
Título uniforme Publicaciones del Real Colegio de España en Bolonia
9 (RLIN) 229188
852 ## - LOCALIZACIÓN
Ubicación ES-MaACL
Número de control de estantería C-37839
Sublocalización o colección R.72819
Holdings
Estatus retirado Estado de pérdida Estado de daño No para préstamo Biblioteca de origen Biblioteca actual Ubicación en estantería Fecha de adquisición Fuente de adquisición Total de préstamos Signatura topográfica completa Código de barras Visto por última vez Precio de reemplazo Tipo de ítem Koha
        Biblioteca del Ateneo de Madrid Biblioteca del Ateneo de Madrid Depósito 2 17/01/2008     C-37839 1027767 23/02/2023 23/02/2023 Libro impreso